000 00544nam a22002057a 4500
005 20260602153057.0
008 260602b |||||||| |||| 00| 0 eng d
020 _a9789355320162
_c1175.00
040 _aMAIN
041 _aEnglish
082 _a621.31924
_bALE
100 _aAlexander, Charle K.
_926990
245 _aFundamental of Electric Circuits
250 _a7th
260 _aChennai
_bMcGraw Hill Education
_c2024
300 _a903
650 _aPhysics (PM USHA)
_926699
700 _aSadiku, Matthew N.O.
_910542
942 _cBK
999 _c60963
_d60963